Nghiên cứu cơ sở khoa học và công nghệ quản lý bổ sung tầng chứa nước tại Việt Nam
Thư mục: tr. 407-424; Giới thiệu cơ sở khoa học về quản lý bổ sung tầng chứa nước. Trình bày các công nghệ khảo sát và hệ phương pháp quản lý bổ sung tầng chứa nước. Giới thiệu kết quả áp dụng quy trình quản lý bổ sung tầng chứa nươ...
Đã lưu trong:
| 主要作者: | |
|---|---|
| 其他作者: | |
| 格式: | 图书 |
| 语言: | Undetermined |
| 出版: |
H.
Khoa học tự nhiên và công nghệ
2010
|
| 主题: | |
| 在线阅读: | http://lrc.tdmu.edu.vn/opac/search/detail.asp?aID=2&ID=41773 |
| 标签: |
添加标签
没有标签, 成为第一个标记此记录!
|
| Thư viện lưu trữ: | Trung tâm Học liệu Trường Đại học Thủ Dầu Một |
|---|
| LEADER | 01518nam a2200217Ia 4500 | ||
|---|---|---|---|
| 001 | TDMU_41773 | ||
| 008 | 210410s9999 xx 000 0 und d | ||
| 082 | |a 428.2 | ||
| 090 | |b NG527 | ||
| 100 | |a Nguyễn, Thị Kim Thoa | ||
| 245 | 0 | |a Nghiên cứu cơ sở khoa học và công nghệ quản lý bổ sung tầng chứa nước tại Việt Nam | |
| 245 | 0 | |c Nguyễn Thị Kim Thoa chủ biên...[và những người khác] | |
| 260 | |a H. | ||
| 260 | |b Khoa học tự nhiên và công nghệ | ||
| 260 | |c 2010 | ||
| 300 | |a 432tr. | ||
| 520 | |a Thư mục: tr. 407-424; Giới thiệu cơ sở khoa học về quản lý bổ sung tầng chứa nước. Trình bày các công nghệ khảo sát và hệ phương pháp quản lý bổ sung tầng chứa nước. Giới thiệu kết quả áp dụng quy trình quản lý bổ sung tầng chứa nước tại Bắc Bình (Bình Thuận) và xây dựng công trình thử nghiệm quản lý bổ sung tầng chứa nước tại Bàu Nổi. Nêu lên giải pháp quản lý bổ sung tầng chứa nước tại ven sông Hồng, khu vực Hà Nội | ||
| 650 | |a Tài nguyên nước |x Quản lý |x Bổ sung | ||
| 700 | |a Phan, Thị Kim Văn | ||
| 856 | |u http://lrc.tdmu.edu.vn/opac/search/detail.asp?aID=2&ID=41773 | ||
| 980 | |a Trung tâm Học liệu Trường Đại học Thủ Dầu Một | ||